000 00503nam a2200181Ia 4500
005 20250326141400.0
008 250326s9999 xx 000 0 und d
037 _aTextbook
040 _aFMSL
_beng
_cFMSL
041 _aeng
_2eng
084 _qFMSL
100 _aWebley Paul
_917000
245 0 _aTax evasion : An experimental approach
_cWebley Paul And Others
260 _aNew York
_bNew York, Combridge University Press
_c1991
300 _a160p
942 _cTB
999 _c1290041
_d1290041